| 000 | 00402nam a22001577a 4500 | ||
|---|---|---|---|
| 005 | 20150224104530.0 | ||
| 008 | 150224b xxu||||| |||| 00| 0 eng d | ||
| 020 | _a9690100017 | ||
| 040 | _cPK-LaUMT | ||
| 082 |
_aKHC 306.095491 _bABD-C |
||
| 100 | _aAbdul Quddus | ||
| 245 |
_aThe cultural patterns of Pakistan _cAbdul Quddus |
||
| 260 |
_aLahore _bFerozsons _c1989 |
||
| 300 | _a283 p. | ||
| 942 | _cBK | ||
| 999 |
_c66503 _d66503 |
||